Die Weltchronik Heinrichs Von München. Neue Ee.

Bibliographic Details
Main Author: Shaw, Frank.
Other Authors: Fournier, Johannes., Gärtner, Kurt.
Format: eBook
Language:German
Published: Basel/Berlin/Boston : Walter de Gruyter GmbH, 2008.
Edition:1st ed.
Series:Deutsche Texte des Mittelalters Series
Subjects:
Online Access:Click to View
LEADER 01694nam a22003853i 4500
001 EBC31281583
003 MiAaPQ
005 20240729202206.0
006 m o d |
007 cr cnu||||||||
008 240729s2008 xx o ||||0 ger d
020 |a 9783050087498  |q (electronic bk.) 
035 |a (MiAaPQ)EBC31281583 
035 |a (Au-PeEL)EBL31281583 
040 |a MiAaPQ  |b eng  |e rda  |e pn  |c MiAaPQ  |d MiAaPQ 
100 1 |a Shaw, Frank. 
245 1 4 |a Die Weltchronik Heinrichs Von München. Neue Ee. 
250 |a 1st ed. 
264 1 |a Basel/Berlin/Boston :  |b Walter de Gruyter GmbH,  |c 2008. 
264 4 |c {copy}2008. 
300 |a 1 online resource (668 pages) 
336 |a text  |b txt  |2 rdacontent 
337 |a computer  |b c  |2 rdamedia 
338 |a online resource  |b cr  |2 rdacarrier 
490 1 |a Deutsche Texte des Mittelalters Series ;  |v v.88 
505 0 |a Intro -- Inhalt -- Vorwort -- Einleitung -- Text. Part 1 -- Text. Part 2 -- Namenverzeichnis -- Wortverzeichnis -- Tafeln. 
588 |a Description based on publisher supplied metadata and other sources. 
590 |a Electronic reproduction. Ann Arbor, Michigan : ProQuest Ebook Central, 2024. Available via World Wide Web. Access may be limited to ProQuest Ebook Central affiliated libraries.  
655 4 |a Electronic books. 
700 1 |a Fournier, Johannes. 
700 1 |a Gärtner, Kurt. 
776 0 8 |i Print version:  |a Shaw, Frank  |t Die Weltchronik Heinrichs Von München. Neue Ee  |d Basel/Berlin/Boston : Walter de Gruyter GmbH,c2008 
797 2 |a ProQuest (Firm) 
830 0 |a Deutsche Texte des Mittelalters Series 
856 4 0 |u https://ebookcentral.proquest.com/lib/matrademy/detail.action?docID=31281583  |z Click to View